Guess the Fusion Rock Song Lyrics #99 - Statistics

General Stats
  • This quiz has been taken 10 times
  • The average score is 145 of 193
Answer Stats
Answer % Correct
a
100%
I
100%
it
100%
the
100%
all
88%
be
88%
could
88%
do
88%
don't
88%
Don't
88%
for
88%
got
88%
I'm
88%
It's
88%
it's
88%
know
88%
love
88%
me
88%
my
88%
no
88%
now
88%
of
88%
on
88%
so
88%
to
88%
up
88%
We
88%
will
88%
You
88%
you
88%
your
88%
girl
75%
into
75%
just
75%
make
75%
mine
75%
precious
75%
thought
75%
time
75%
too
75%
wanna
75%
waste
75%
lay
63%
Lay
63%
line
63%
never
63%
right
63%
tired
63%
Won't
63%
again
50%
ever
50%
fine
50%
hold
50%
lies
50%
over
50%
same
50%
true
50%
truth
50%
wait
50%
ask
38%
before
38%
games
38%
gets
38%
makin
38%
much
38%
old
38%
story
38%
foolish
25%
late
25%
playin
25%
Triumph
25%
turn
25%
unkind
25%
another
13%
friend
13%
insane
13%
lover
13%
what've
13%
better
0%
talk
0%
No matching quizzes found
Score Distribution
Percent of People with Each Score
Percentile by Number Answered
Your Score History
You have not taken this quiz